| 000 | 01208nam a2200253 a 4500 | ||
|---|---|---|---|
| 001 | 000874440 | ||
| 003 | AM-YeHGA | ||
| 005 | 20250617145230.0 | ||
| 008 | 120314s1978 ||||||||r|||||000|0|rus|d | ||
| 040 | _aAM-YeHGA | ||
| 041 | 0 | _arus | |
| 100 | 1 | _aВенчиков, Анатолий Иванович | |
| 245 | 1 | 0 |
_aБиотики : _b(К теории и практике применения микроэлементов) / _cА. И. Венчиков ; АН ТССР, Институт физиологии и экспериментальной патологии аридной зоны. |
| 250 | _a2-е изд., перераб. и доп. | ||
| 260 |
_aАшхабад : _bЫлым, _c1978. |
||
| 300 |
_a277 с. ; _c20 см. |
||
| 504 | _aБиблиогр.: с. 257 - 274 | ||
| 650 | 1 | 4 | _aБиологические препараты |
| 650 | 1 | 4 |
_aМикроэлементы _xМетаболизм _xДефицит |
| 650 | 1 | 4 | _aЭнергетический обмен |
| 650 | 1 | 4 | _aМетаболические процессы |
| 710 | 2 | _aИнститут физиологии и экспериментальной патологии аридной зоны АН ТССР | |
| 090 | _c310158 | ||
| 999 |
_c308447 _d308447 |
||